De cómo el señor Mockinpott consiguió liberarse de sus padecimientos ; y Noche de huéspedes / (Record no. 16686)

MARC details
000 -LEADER
campo de control de longitud fija 00761nam a2200241 i 4500
001 - NÚMERO DE CONTROL
campo de control 16686
003 - IDENTIFICADOR DE NÚMERO DE CONTROL
campo de control ES-MaACL
005 - FECHA Y HORA DE LA ÚLTIMA TRANSACCIÓN
campo de control 20250715193706.0
007 - CAMPO FIJO DE DESCRIPCIÓN FÍSICA--INFORMACIÓN GENERAL
campo de control de longitud fija t|
008 - DATOS DE LONGITUD FIJA--INFORMACIÓN GENERAL
campo de control de longitud fija 001025s1998 sp ||||1| spa d
020 ## - NÚMERO INTERNACIONAL ESTÁNDAR DEL LIBRO
Número Internacional Estándar del Libro 84-89753-07-5
080 ## - NÚMERO DE LA CLASIFICACIÓN DECIMAL UNIVERSAL
Número de la Clasificación Decimal Universal 821.112.2-23"19"
100 1# - ENTRADA PRINCIPAL--NOMBRE DE PERSONA
Nombre de persona Weiss, Peter.
9 (RLIN) 116409
245 10 - MENCIÓN DEL TÍTULO
Título De cómo el señor Mockinpott consiguió liberarse de sus padecimientos ; y Noche de huéspedes /
Mención de responsabilidad, etc. Peter Weiss ; versión de Alfonso Sastre.
260 ## - PUBLICACIÓN, DISTRIBUCIÓN, ETC.
Lugar de publicación, distribución, etc. Hondarribia :
Nombre del editor, distribuidor, etc. Hiru,
Fecha de publicación, distribución, etc. [1998]
300 ## - DESCRIPCIÓN FÍSICA
Extensión 175 p. ;
Dimensiones 18 cm.
490 1# - MENCIÓN DE SERIE
Mención de serie Teatro ;
Designación de volumen o secuencia 51
700 1# - ENTRADA AGREGADA--NOMBRE PERSONAL
Nombre de persona Sastre, Alfonso,
Fechas asociadas al nombre 1926-
9 (RLIN) 103915
740 0# - ENTRADA AGREGADA--TÍTULO RELACIONADO/ANALÍTICO NO CONTROLADO
Título relacionado o analítico no controlado Noche de huéspedes.
830 0# - PUNTO DE ACCESO ADICIONAL DE SERIE-TÍTULO UNIFORME
Título uniforme Teatro ;
Designación de volumen o secuencia 51
9 (RLIN) 178026
852 ## - LOCALIZACIÓN
Ubicación ES-MaACL
Número de control de estantería L-23751
Sublocalización o colección R.128767
Holdings
Estatus retirado Estado de pérdida Estado de daño No para préstamo Biblioteca de origen Biblioteca actual Ubicación en estantería Fecha de adquisición Fuente de adquisición Total de préstamos Signatura topográfica completa Código de barras Visto por última vez Precio de reemplazo Tipo de ítem Koha
        Biblioteca del Ateneo de Madrid Biblioteca del Ateneo de Madrid Depósito 2 17/01/2008     L-23751 1016948 23/02/2023 23/02/2023 Libro impreso